Normal view
MARC view
Entry Personal Name
001 - CONTROL NUMBER
- control field: 11275
003 - CONTROL NUMBER IDENTIFIER
- control field: OSt
005 - DATE AND TIME OF LATEST TRANSACTION
- control field: 20161110150205.0
008 - FIXED-LENGTH DATA ELEMENTS
- fixed length control field: 161110|| aca||aabn | a|a d
040 ## - CATALOGING SOURCE
- Original cataloging agency: OSt
- Transcribing agency: OSt
100 ## - HEADING--PERSONAL NAME
- Personal name: Simanzhenkov,Vasily;Idem,Raphael;
670 ## - SOURCE DATA FOUND
- Source citation: Work cat.: (OSt): Simanzhenkov,Vasily;Idem,Raphael;, Crude Oil Chemistry., 2003.
